00595nam a2200145Ia 4500008004100000245021800041260001700259260000900276300000800285650002300293650001200316856002900328999001900357952007300376170516s9999 xx 000 0 und d aSequential Systemic Administrations of Combretastatin A4 Phosphate and Radioiodinated Hypericin Exert Synergistic Targeted Theranostic Effects with Prolonged Survival on SCID Mice Carrying Bifocal Tumor Xenografts bTheranostics c2013 a3:2 xMedical Technology xMedtech uhttp://www.thno.org/v3i2 c330747d330747 001040aCLbCLd2017-05-16l0r2017-05-16 00:00:00w2017-05-16yFOJ